000 00614nam a2200229Ia 4500
001 940
003 GE_BSU
008 181216s||||||||xx |||||||||||||| ||und||
020 _a5238004532
040 _cGE_BSU
080 _a336(075.8)
100 _aЗотов,В.Б;Макашева, З.М;
245 _aМуниципальное управление.
245 _bУчубник для вузов.
260 _aМосква
260 _bЮНИТИ-ДАНА;
260 _c2004
300 _a279 с.
541 _h8 л.
653 _aМунииципальное управление.
942 _cBK
999 _c35099
_d35099